Mots Aléatoires en Anglais - Statistiques

Statistiques générales
  • Ce quiz a été pris 1 079 fois
    1 031 depuis la dernière actualisation
  • Le résultat moyen est 13 sur 15
Statistiques - réponses
Anglais Français % Correct
Computer Ordinateur
99%
Dog Chien
98%
Car Voiture
98%
Spain Espagne
97%
Beach Plage
97%
Chair Chaise
95%
Country Pays
95%
Oil Huile
94%
Plane Avion
93%
Bubble Bulle
91%
Neighbor Voisin
88%
Cup Tasse
74%
Poster Affiche
71%
Fan Ventilateur
32%
Seal Phoque
30%
Aucun quiz correspondant
Distribution des résultats
% des personnes avec chaque résultat
Percentile par nombre de réponses
Votre historique - résultats
Vous n’avez pas pris ce quiz depuis la dernière actualisation